000 01177cam a22003734i 4500
003 PE-LiUPU
005 20250731173252.0
008 150625s r 000 0 d
035 _a(Sirsi) a35599
040 _aPE-LiUPU
_bspa
_cPE-LiUPU
_erda
082 0 4 _a232.1345
_bE24
_221
110 2 _aEdiciones Cristianas
245 1 0 _aPentateuco I :
_bGenesis * Exodo /
_cEdiciones Cristianas.
264 1 _a
336 _atext
_2rdacontent
337 _aunmediated
_2rdamedia
338 _avolume
_2rdacarrier
526 _aSEG42
526 _aSEG41
526 _aSEG40
526 _aSEG39
526 _aP94
526 _aP87
526 _aP86
526 _aP85
526 _aP77
526 _aP76
526 _aP35
942 _2ddc
_cBOOK
949 _a232.1345 E24
_wDEWEY
_c1
_i36832
_lCCODEBUL1
_mBUL
_p00.00
_r0
_sY
_tBOOK
_u2015-06-25
_xBIBLIOTECA
_zUNKNOWN
_0COMPRA
_o.STAFF. Colección Teología
596 _a1
999 _a232.1345 E24
_wDEWEY
_c43580
_i36832
_d43580
_e2016-6-23
_f2021-11-10
_g5
_lCCODEBUL1
_mBUL
_n1
_q1
_r0
_sY
_tBOOK
_u2015-6-25
_xTEOLOGIA
_PP35
_0COMPRA
_o.STAFF. Colección Teología
980 _81
_gALBERTO SANCHEZ Responsable de Automatización